Top 15 des pays avec les décès de Covid-19 - 18 septembre - Statistiques

Statistiques générales
  • Ce quiz a été pris 39 fois
  • Le résultat moyen est 12 sur 20
Statistiques - réponses
pays % Correct
France
100%
Etats-Unis
90%
Espagne
87%
Italie
85%
Russie
85%
Royaume-Uni
77%
Inde
74%
Mexique
74%
Brésil
72%
Argentine
56%
Belgique
56%
Colombie
54%
Chili
51%
Afrique du Sud
49%
Pérou
49%
Suède
36%
Bolivie
33%
Iran
31%
Panama
23%
Équateur
21%
Aucun quiz correspondant
Distribution des résultats
% des personnes avec chaque résultat
Percentile par nombre de réponses
Votre historique - résultats
Vous n’avez pas pris ce quiz